|
|
|
|
| LEADER |
00716nam a2200205 a 4500 |
| 001 |
3168390 |
| 008 |
090726s1968 enk 000 1 eng d |
| 010 |
|
|
|a 75385036
|
| 040 |
|
|
|a DLC
|c DLC
|d DLC
|
| 082 |
0 |
0 |
|a 813/.5/4
|
| 100 |
1 |
|
|a Burroughs, William S.,
|d 1914-1997.
|
| 245 |
1 |
4 |
|a The soft machine /
|c William Burroughs.
|
| 250 |
|
|
|a Revised ed.
|
| 260 |
|
|
|a London,
|b Corgi Books,
|c 1968.
|
| 300 |
|
|
|a 188 p.
|c 19 cm.
|
| 541 |
1 |
|
|e 00004574
|
| 655 |
|
7 |
|a Science fiction.
|2 gsafd
|
| 852 |
4 |
|
|a Ayesha Abed Library
|j General shelf
|
| 999 |
|
|
|c 2878
|d 2878
|
| 952 |
|
|
|0 0
|1 0
|2 ddc
|4 0
|6 813_540000000000000_BUR
|7 0
|9 16242
|a BRACUL
|b BRACUL
|c GEN
|d 2011-04-28
|g 35.00
|l 3
|m 10
|o 813.54 BUR
|p 3010004574
|r 2014-09-15
|s 2014-07-07
|t 1
|w 2011-04-28
|y BK
|